000 00297nam a2200121 i 4500
001 bg
245 0 _aVI Krajowa Konferencja :
_bteoria obwodów i układy elektroniczne.
260 _aGliwice,
_c1983.
040 _cBPK
041 _apol
942 _cKS
008 s pl f |000 0 pol
999 _c21992
_d21992
856 _uhttp://koha.tu.koszalin.pl/cgi-bin/koha/opac-detail.pl?biblionumber=21992
_yKatalog online BPK